Friendship, altruism and morality /

Bibliographic Details
Main Author: Blum, Lawrence A.
Format: Book
Language:English
Published: London ; Boston : Routledge & K. Paul, 1980.
Series:International library of philosophy.
Subjects:

MARC

Tag First Indicator Second Indicator Subfields
LEADER 00000cam a2200000 a 4500
001 in00000086081
005 20151008064439.0
008 801111s1980 enk b 00110 eng d
010 |a  80049942  
020 |a 0710005822 
035 |a (OCoLC)06925748 
035 |9 AAK4191AM 
040 |a DWT  |c DWT  |d UMK  |d OCL  |d TXA  |d UtOrBLW 
049 |a TXAM  |c [1633042] 
090 |a BV4647.F7  |b B5 
092 |a 177.6  |b B658f 
100 1 |a Blum, Lawrence A. 
245 1 0 |a Friendship, altruism and morality /  |c Lawrence A. Blum. 
264 1 |a London ;  |a Boston :  |b Routledge & K. Paul,  |c 1980. 
300 |a x, 234 pages ;  |c 22 cm. 
336 |a text  |b txt  |2 rdacontent 
337 |a unmediated  |b n  |2 rdamedia 
338 |a volume  |b nc  |2 rdacarrier 
490 1 |a International library of philosophy 
500 |a Includes index. 
504 |a Bibliography: pages 229-232. 
650 0 |a Friendship. 
650 0 |a Altruism. 
830 0 |a International library of philosophy. 
999 |a MARS 
999 f f |s 59979443-3834-3e73-b308-d2327636f84f  |i 2665f8f1-1d3a-39ba-9a7f-33124624fd86  |t 0 
952 f f |p ric  |a Texas A&M University  |b Rellis Campus  |c Joint Library Facility  |d Remote Storage  |t 0  |e BV4647.F7 B5  |h Library of Congress classification  |i unmediated -- volume  |m A14806092468 
998 f f |a BV4647.F7 B5  |t 0  |l Remote Storage